[Event "Kupreichik Memorial Rapid 2019"]
[Site "Minsk"]
[Date "2019.08.15"]
[Round "2.3"]
[White "Kochetkov, German"]
[Black "Tiviakov, Sergei"]
[Result "0-1"]
[WhiteElo "2277"]
[BlackElo "2611"]
[Annotator "TA"]
[PlyCount "155"]
[EventDate "2019.08.15"]
[EventType "swiss"]
[EventCountry "BLR"]
[SourceTitle "playchess.com"]
[Source "ChessBase"]
[SourceQuality "1"]

{[%evp 17,155,9,4,14,27,0,0,-119,10,0,-6,-11,59,55,59,50,73,61,57,59,77,0,0,0,0,2,16,14,22,-11,0,-10,8,13,9,0,0,0,0,0,0,-83,0,-51,-51,-51,-51,-44,-44,-61,-62,-65,-65,-65,-65,-65,-65,-66,-52,-52,-52,-328,-308,-288,-289,-529,-486,-1176,-1134,-1077,-850,-1067,-1093,-1031,-1021,-979,-901,-1082,-791,-656,-900,-890,-774,-717,-590,-487,-7,-437,-7,-8,0,0,0,-8,-8,-8,-8,-8,-8,-317,-317,-2687,-2835,-2900,-2900,-2299,-2105,-2152,-1913,-1642,-1591,-1162,-1071,-2350,-2012,-29976,-29977,-29977,-29978,-29976,-29978,-29977,-29949,-11809,-8931,-6777,-5942,-5941,-5569,-5339,-5171,-4931,-3568,-2441,-1431,-29985,-29986,-29987,-29988,-29987]} 1. f4 Nf6 2. Nf3 d5 3. g3 g6 4. Bg2 Bg7 5. O-O O-O 6. d3 c5 7. Nc3 Nc6 8. e4 dxe4 9. dxe4 Qxd1 10. Rxd1 {A03: Bird's Opening with 1...d5} e5 11. Be3 (11. Nxe5 Nxe5 12. fxe5 Ng4 13. Nd5 Nxe5 14. Bg5 Bg4 15. Rf1 Be6 16. Nc7 Rac8 17. Nxe6 fxe6 {½-½ (53) Nepomniachtchi,I (2714)-Wojtaszek,R (2744) Beijing 2014}) 11... b6 12. Nd5 (12. Nxe5 $11 Nxe5 13. fxe5) 12... Bb7 $146 (12... Nxd5 $1 $17 13. exd5 Nb4) ({Predecessor:} 12... Nxd5 13. exd5 Nb4 14. Bd2 Nxc2 15. Rac1 Nd4 16. Nxd4 exd4 17. b4 Bg4 {½-½ (35) Sobeck,G-Schmidt,U DDR 1974}) 13. Nxf6+ Bxf6 14. Rd7 Rab8 (14... exf4 $11 15. Bxf4 Na5) 15. c3 $14 Bg7 16. Rad1 exf4 17. Bxf4 Rbd8 18. R1d6 Ba8 19. Bg5 (19. Bf1 $16) 19... Rxd7 $11 20. Rxd7 h6 21. Bf4 Re8 22. Nd2 g5 23. Be3 Rd8 24. Rd5 Kf8 25. h4 gxh4 26. gxh4 Rxd5 27. exd5 Ne5 28. Be4 Ke8 29. Kg2 (29. Bf4 $11) 29... Ng4 ({Black should try} 29... f5 $1 $17 {[%cal Rf5e4]} 30. Bxf5 Bxd5+ 31. Be4 Bxa2) 30. Kf3 (30. Bf4 $11) 30... f5 $1 $15 31. Bxf5 Nxe3 32. Kxe3 Bxd5 {[%mdl 4096] Endgame KBB-KBN} 33. Bg6+ Ke7 34. c4 Bd4+ 35. Kf4 Bc6 36. b3 Kf6 37. Be4 Bd7 38. Nf3 Bb2 39. a4 $2 {[%mdl 8192]} ({Better is} 39. Ne1 $15) 39... Bc1+ $1 $19 40. Kg3 Bf5 $1 {[%cal Rf5e4]} 41. Bxf5 $2 (41. Bc6) 41... Kxf5 {KB-KN} 42. Ng1 (42. Kf2 $142 Ke4 43. Ke2) 42... Ke4 43. Ne2 Bd2 44. Ng1 Kd3 45. Nf3 Be3 46. Ne5+ Kc3 47. Kf3 Bc1 48. a5 bxa5 49. Nc6 a6 50. Nxa5 Kb4 51. Nb7 {and the idea h5 leaves White hopeful.} Bd2 $2 (51... h5 $1 $19 52. Ke4 Bd2) 52. Ke4 $2 {[%mdl 8192]} (52. h5 $11) 52... Be1 $2 (52... h5 $1 $19 53. Kd3 Be1) 53. h5 $11 a5 54. Kd5 Bf2 55. Kc6 Be3 56. Kb6 Kxb3 {Hoping for ...a4.} 57. Nxa5+ Kb4 58. Nc6+ $2 {[%mdl 8192]} (58. Nb7 $1 $11 {and White has nothing to worry.}) 58... Kxc4 $19 59. Ne5+ $2 (59. Ka5) 59... Kd4 60. Nc6+ {[#]} Ke4 $1 {[%cal Re4f4]} 61. Kb5 Kf5 62. Kc4 Kg5 63. Kd3 Bg1 64. Ke2 Kxh5 65. Ne5 Bd4 66. Nc4 Kg4 67. Kf1 Kg3 68. Nd6 h5 69. Ne4+ Kf3 70. Nd2+ Ke3 71. Nc4+ Kd3 72. Nb6 Ke4 ({Stronger than} 72... c4 {[#]} 73. Nxc4 $1 {[%mdl 512]} Kxc4 74. Kg2 $11) 73. Kg2 Be3 74. Nc4 Bg5 75. Nb6 Kd4 76. Nd7 c4 77. Nf8 c3 78. Ne6+ {Accuracy: White = 38%, Black = 57%.} 0-1

[Event "Kupreichik Memorial Rapid 2019"]
[Site "Minsk"]
[Date "2019.08.15"]
[Round "2.4"]
[White "Paravyan, David"]
[Black "Smirnov, Valerij"]
[Result "0-1"]
[WhiteElo "2605"]
[BlackElo "2261"]
[Annotator "TA"]
[PlyCount "94"]
[EventDate "2019.08.15"]
[EventType "swiss"]
[EventCountry "BLR"]
[SourceTitle "playchess.com"]
[Source "ChessBase"]
[SourceQuality "1"]

{[%evp 9,94,7,36,33,19,34,23,21,25,13,23,25,33,24,28,24,35,30,50,50,60,29,41,39,86,41,88,84,89,55,76,16,40,29,97,94,85,42,94,81,67,19,87,56,102,108,108,106,117,45,75,0,59,54,56,56,57,0,0,0,0,-225,-209,-281,-265,-611,-613,-589,-602,-779,-770,-840,-840,-951,-938,-2010,-1935,-29985,-29986,-29989,-29990,-29985,-29980,-29980,-29981,-29992,-29993]} 1. e4 c5 2. Nf3 a6 3. g3 g6 4. Bg2 Bg7 5. O-O (5. c3 d5 6. exd5 Qxd5 7. d4 Nf6 8. O-O cxd4 9. cxd4 O-O 10. Nc3 Qh5 11. Ne5 Qxd1 12. Rxd1 {1-0 (33) Hou,Y (2629)-Cramling,P (2525) Beijing 2013}) 5... d6 6. d4 {B28: Sicilian: 2 Nf3 a6 (O'Kelly Variation)} cxd4 7. Nxd4 Nc6 8. Nxc6 {White has an edge.} bxc6 9. c4 $146 ({Predecessor:} 9. e5 d5 10. c4 {0-1 (47) Kalvach,L (1852)-Muk,I (2010) Prague 2017}) 9... Rb8 10. Nc3 c5 11. Qd2 $36 {[%mdl 2048] White has the initiative.} Qa5 12. Qc2 Nf6 13. b3 O-O 14. Bb2 Bb7 15. h3 Rfe8 16. f4 e6 17. Rad1 {aiming for e5.} Rbd8 18. g4 Qc7 19. Qf2 Nd7 20. Kh1 (20. Na4 $16) 20... Nb8 21. f5 Nc6 {[#]} (21... Be5 $1 $11 {remains equal.}) 22. f6 $1 $16 {[%cal Rf6g7]} Bf8 23. Ne2 e5 (23... Nb4 $14) 24. g5 Nd4 25. h4 ({Don't play} 25. Nxd4 $6 exd4 26. Rfe1 Rb8 $11) 25... Bc8 (25... h5 $11 {keeps the balance.}) 26. Nc3 ({Much weaker is} 26. Nxd4 $6 exd4 27. Bc1 Bd7 $11) ({Of course not} 26. Bxd4 cxd4 27. Nc1 a5 $11) 26... Bg4 27. Rd3 Qd7 28. Rg3 a5 29. Nd5 ({White should play} 29. Rg1 $16) 29... Rb8 30. Nc3 (30. Bxd4 $16 exd4 31. Qd2) 30... Rb7 ({Black should try} 30... Rbd8 $1 $11) 31. Kh2 Ra8 32. Na4 h5 33. Bh3 (33. Re1 $14) 33... Bxh3 $1 $11 34. Rxh3 d5 $1 {[%cal Rd5c4]} 35. cxd5 $2 {[#]} (35. exd5 $11 {and White is okay.} Re8 36. Qg2) 35... c4 $1 $19 36. Bxd4 exd4 37. Qxd4 $2 (37. Qg2 Rab8 38. Nb2 cxb3 39. axb3) 37... cxb3 38. axb3 Rb4 39. Qd3 Bd6+ 40. Kh1 Rab8 41. Nc3 Rxb3 42. Re3 Be5 43. Qc4 {[#]} Qg4 $1 {[%mdl 512] Black mates.} 44. Qe2 Qxh4+ 45. Kg1 Rxc3 46. Rxc3 Bxc3 47. Qe3 Rb2 {Accuracy: White = 36%, Black = 53%.} 0-1

[Event "Kupreichik Memorial Rapid 2019"]
[Site "Minsk"]
[Date "2019.08.15"]
[Round "2.5"]
[White "Vashchilov, Sergey"]
[Black "Aleksandrov, Aleksej"]
[Result "0-1"]
[WhiteElo "2162"]
[BlackElo "2571"]
[Annotator "TA"]
[PlyCount "62"]
[EventDate "2019.08.15"]
[EventType "swiss"]
[EventCountry "BLR"]
[SourceTitle "playchess.com"]
[Source "ChessBase"]
[SourceQuality "1"]

{[%evp 15,62,-7,21,5,58,0,47,40,44,21,18,-90,-112,-104,0,0,0,0,0,0,0,7,4,0,29,0,53,-135,-150,-177,-181,-229,-202,-193,-194,-188,-183,-222,-213,-354,-362,-547,-531,-551,-535,-1518,-1514,-1515,-1508]} 1. e4 e5 2. Nf3 Nc6 3. d4 exd4 4. Nxd4 Nf6 5. Nc3 Bb4 6. Nxc6 bxc6 7. Bd3 O-O 8. O-O Re8 9. Re1 {C47: Scotch Four Knights and Four Knights with 4 g3} (9. Bg5 Rb8 10. Re1 h6 11. Bh4 Bd6 12. Rb1 g5 13. Bg3 Bxg3 14. hxg3 d6 15. Qd2 Kg7 16. b3 Qe7 17. Nd1 {1-0 (33) Nakamura,H (2777)-Aronian,L (2767) Saint Louis 2018}) 9... Rb8 (9... d6 $11) 10. Bd2 (10. e5 $14 Nd5 11. Bd2) 10... Bf8 $146 ({Predecessor:} 10... d5 11. e5 Ng4 12. f4 Bc5+ 13. Kf1 Nxh2+ 14. Ke2 Bg4# {0-1 (14) Csoma,K (990)-Gomez Galan Arense,J (1636) LSS email 2014}) 11. e5 {White is slightly better.} Nd5 $1 12. Qf3 Rxb2 13. Bc4 (13. Nxd5 $11 cxd5 14. Qxd5) 13... Rxc2 $17 14. Rad1 {[#]} d6 (14... Bb4 $1 $17 {[%cal Rd5c3]} 15. Bxd5 cxd5) 15. Bb3 $11 Rb2 16. Nxd5 cxd5 17. Bc3 {[#]} Rxb3 $1 18. axb3 Be6 19. b4 Qd7 20. h3 Rb8 ({Black should play} 20... dxe5 $11 21. Rxe5 c6) 21. Qe3 $2 {[#]} (21. exd6 $1 $14 {keeps the upper hand.} Qxd6 22. Qe3) 21... c5 $1 $17 22. bxc5 dxc5 23. Qd2 h6 24. Rb1 Rc8 25. Red1 d4 26. Ba5 Qd5 27. f4 (27. Qe1 $142) 27... c4 $19 28. Bb4 (28. Rbc1 $142 Qc5 29. f5 d3+ 30. Kh1 Bxf5 31. Qf4) 28... c3 {Black is clearly winning.} 29. Qc2 Qa2 30. Rdc1 Qxc2 31. Rxc2 Bf5 {[%mdl 64] Skewer. Accuracy: White = 13%, Black = 57%.} 0-1

[Event "Kupreichik Memorial Rapid 2019"]
[Site "Minsk"]
[Date "2019.08.15"]
[Round "2.6"]
[White "Sychev, Klementy"]
[Black "Tsaruk, Maksim"]
[Result "1-0"]
[WhiteElo "2579"]
[BlackElo "2230"]
[Annotator "TA"]
[PlyCount "103"]
[EventDate "2019.08.15"]
[EventType "swiss"]
[EventCountry "BLR"]
[SourceTitle "playchess.com"]
[Source "ChessBase"]
[SourceQuality "1"]

{[%evp 19,103,16,22,4,8,16,22,22,31,26,37,25,39,35,39,39,39,34,33,29,15,12,16,16,25,25,20,22,21,0,34,33,91,47,108,48,64,54,51,46,46,46,46,46,53,58,81,74,66,85,65,35,33,14,29,27,232,0,0,0,0,0,0,0,89,86,112,119,116,113,215,172,168,159,229,236,366,352,433,427,1064,977,917,912,869,855]} 1. d4 Nf6 2. c4 e6 3. Nf3 b6 4. Bf4 Bb7 5. e3 Be7 6. h3 O-O 7. Nc3 d6 8. Be2 Nbd7 9. O-O Ne4 10. Nxe4 Bxe4 11. Bd3 {A47: 1 d4 Nf6 2 Nf3 b6: Torre, London and Colle Systems} (11. Rc1 Bf6 12. Bh2 e5 13. c5 bxc5 14. dxe5 dxe5 15. Nd2 Bg6 16. Nc4 e4 17. Qc2 Qe7 18. Bxc7 Rfc8 {1-0 (28) Bartel,M (2629)-Klekowski,M (2450) Zgierz 2017}) 11... Bxd3 12. Qxd3 c5 $146 ({Predecessor:} 12... Bf6 13. Rad1 Qe7 14. Bh2 e5 15. Nd2 g6 16. f4 exd4 17. exd4 Rae8 18. Rde1 Qd8 19. Ne4 Bg7 20. b3 Nf6 21. Ng3 Rxe1 22. Rxe1 Re8 {½-½ (22) Tejkal,J (2053)-Dobes,O (2024) Znojmo 2002}) 13. Rad1 {The position is equal.} cxd4 14. Nxd4 Nc5 15. Qe2 {Threatens to win with Nc6.} e5 16. Nc6 Qc7 17. Nxe7+ Qxe7 18. Bg3 Rac8 19. Rd5 Ne4 20. Qd3 f5 21. Rd1 Rc6 22. Bh2 Nc5 23. Qd2 {[%cal Rd5d6]} Ne4 24. Qd3 Nc5 25. Qc2 g6 (25... a5 $14) 26. f3 Rfc8 (26... Rf7 $14) 27. b3 (27. Qd2 $1 $16) 27... R8c7 28. Bg3 Nb7 29. Be1 Rc5 30. Bb4 Rxd5 31. Rxd5 Qe6 {And now ...Qxd5! would win.} 32. Qd2 {[%cal Rb4d6]} Rc6 33. f4 exf4 34. exf4 Nc5 35. Qd4 (35. Bxc5 $5 bxc5 36. Rd3 $14) 35... Ne4 36. Ba3 Kf7 (36... Ng3 $5 {[%cal Rg3e2]} 37. Qf2 Ne4 $11) 37. Kh2 Qf6 $2 {[#]} (37... a6 $11) 38. Qe3 $2 (38. Re5 $1 $18 {[%mdl 512]} Rc7 (38... dxe5 39. Qd7+) 39. Qd5+ Kg7 40. Re6 (40. Re8 Rd7 $14)) 38... Rc7 $11 39. Qd3 $36 {[%cal Ra3d6][%mdl 2048] White fights for an advantage.} Rd7 40. Bb4 Qh4 41. Qf3 Nf6 (41... Ke7 $11 {remains equal.}) 42. g3 $16 Qh6 43. Rxd6 Rxd6 44. Bxd6 {White wants to mate with Qb7+.} g5 (44... Ne4 $16) 45. Qd3 gxf4 46. Bxf4 Qh5 (46... Ng4+ $16 47. Kg1 Qxh3 48. Qxf5+ Kg8 49. Qe6+ Kg7 50. Be5+ Kf8 51. Qd6+ Ke8 52. Qc6+ Ke7 53. Bd6+ Kf7 54. Qd7+ Kg6 55. Qe6+ Kg7 56. Be5+ Kf8 57. Bd6+ Kg7 58. Be5+) 47. Kg2 $18 Ne4 {[#]} (47... Ke8 $142 48. a4 (48. c5 bxc5 49. Qa6 Nd7 $18) 48... Qg6) 48. g4 $1 {[%mdl 512]} Qh4 {White should prevent ...Qf2+.} (48... fxg4 49. Qxe4) 49. Qd7+ {White is clearly winning.} Kg8 (49... Qe7 $142 50. Qxf5+ {[%mdl 64] Double Attack} Ke8) 50. Qe6+ Kg7 51. Be5+ Nf6 52. Qxf5 {Accuracy: White = 65%, Black = 36%.} 1-0

[Event "Kupreichik Memorial Rapid 2019"]
[Site "Minsk"]
[Date "2019.08.15"]
[Round "2.7"]
[White "Kalinin, Dmitry"]
[Black "Vaganian, Rafael A"]
[Result "0-1"]
[WhiteElo "2119"]
[BlackElo "2514"]
[Annotator "TA"]
[PlyCount "40"]
[EventDate "2019.08.15"]
[EventType "swiss"]
[EventCountry "BLR"]
[SourceTitle "playchess.com"]
[Source "ChessBase"]
[SourceQuality "1"]

{[%evp 13,40,-5,-8,-7,-1,-7,-6,-8,3,0,19,9,15,10,16,20,12,0,23,8,47,0,56,52,66,-293,-275,-839,-837]} 1. d4 d5 2. c4 e6 3. Nc3 Be7 4. Nf3 Nf6 5. Bg5 h6 6. Bh4 O-O 7. cxd5 Nxd5 8. Bxe7 {D53: Queen's Gambit Declined: 4 Bg5 Be7: Early deviations} Qxe7 9. Nxd5 (9. Rc1 Nxc3 10. Rxc3 c6 11. g3 Nd7 12. Bg2 e5 13. O-O exd4 14. Nxd4 Nf6 15. Qa4 Rd8 {½-½ (24) Eljanov,P (2687)-Jakovenko,D (2711) Foros 2008}) 9... exd5 10. e3 {The position is equal.} c6 11. Qc2 Nd7 12. Bd3 a5 13. O-O Re8 14. Rae1 $146 ({Predecessor:} 14. b3 a4 15. Rfb1 axb3 16. axb3 Rxa1 17. Rxa1 Nf6 18. Ne5 Nd7 19. Nxd7 Bxd7 20. Ra4 Rb8 21. Bf5 Bxf5 22. Qxf5 Qd8 23. Qc2 Ra8 24. Qa2 Rxa4 25. Qxa4 Qd7 {½-½ (26) Arlandi,A-Bertazzoni,G Pellestrina 1979}) 14... Qd6 15. Nh4 g6 16. f4 Kg7 17. Rf3 Qf6 (17... Qe7 $11 18. Rh3 Nf6) 18. Qf2 $1 $14 Nf8 {next ...Bg4 is good for Black.} 19. Rg3 $2 {[%mdl 8192] [#]} (19. f5 $14 {keeps the upper hand.} g5 20. Rg3) 19... Qxh4 $19 20. Bxg6 $2 (20. f5) 20... fxg6 {Accuracy: White = 34%, Black = 22%.} 0-1

[Event "Kupreichik Memorial Rapid 2019"]
[Site "Minsk"]
[Date "2019.08.15"]
[Round "2.8"]
[White "Teterev, Vitaly"]
[Black "Leinov, Roman"]
[Result "0-1"]
[WhiteElo "2474"]
[BlackElo "2189"]
[Annotator "TA"]
[PlyCount "96"]
[EventDate "2019.08.15"]
[EventType "swiss"]
[EventCountry "BLR"]
[SourceTitle "playchess.com"]
[Source "ChessBase"]
[SourceQuality "1"]

{[%evp 13,95,0,10,0,11,6,12,9,31,31,31,35,43,40,33,41,62,64,113,112,125,54,115,26,15,0,251,80,119,105,111,102,103,103,103,106,153,162,155,157,185,150,135,117,184,194,337,248,240,250,242,202,195,208,289,172,202,144,130,127,263,205,191,125,237,214,215,106,106,71,243,234,316,-456,-468,-426,350,338,289,-1001,0,-989,-955,-29999]} 1. Nf3 d5 2. g3 Nf6 3. Bg2 Bf5 4. c4 c6 5. O-O e6 6. cxd5 exd5 7. d3 Be7 8. Qb3 {A11: English Opening: 1...c6} Qb6 9. Qc2 O-O 10. Nc3 {The position is equal.} h6 $146 ({Predecessor:} 10... Na6 11. a3 h6 12. e4 dxe4 13. dxe4 Bh7 14. Be3 {1-0 (47) Hammer,J (2652)-Johansen,P (2077) Helsingor 2016}) 11. e4 dxe4 12. dxe4 Bh7 13. Be3 Qa5 14. a3 Na6 15. b4 Qh5 16. h3 {And now g4 would win.} Nd5 17. Bd4 (17. Nxd5 $16 cxd5 18. g4) 17... Nac7 (17... Nb6 $14) 18. g4 (18. Nxd5 $1 $16 Nxd5 19. Ne5) 18... Qg6 $11 19. Ne5 Qe6 $2 {[%mdl 8192]} (19... Qd6 $11 {and Black stays safe.}) 20. f4 $2 (20. exd5 $18 Bxc2 21. dxe6 Nxe6 22. Be3) 20... Nxc3 21. Bxc3 Rad8 22. f5 Qc8 23. a4 $36 {[%mdl 2048] White is really pushing.} Bf6 24. Qb3 Rde8 25. Nc4 {Bxf6 is the strong threat.} Bxc3 26. Qxc3 {Black must now prevent Nd6.} Re7 27. Nd6 Qb8 28. Rad1 Rd7 (28... Rd8 $16 {keeps fighting.}) 29. e5 $18 f6 (29... Rfd8 $142) 30. Qb3+ Kh8 31. e6 Bg8 {next ...Nxe6 is good for Black.} 32. Ne4 Rxd1 33. Rxd1 Nd5 34. Nc5 (34. Qg3 $142) 34... Qf4 35. Bxd5 (35. Nxb7 $6 Rb8 $14) 35... cxd5 36. Kg2 (36. Nxb7 $6 Rb8 $11) (36. Rxd5 $6 b6 $11) 36... h5 (36... b6 $16 {was necessary.}) 37. Rf1 ({Don't play} 37. Rxd5 $6 Rc8 $16) ({Worse is} 37. gxh5 Qg5+ 38. Qg3 Qxf5 $11) 37... Qd4 38. gxh5 (38. Qd3 $18 Qxb4 39. Qb5 Qd2+ 40. Rf2) 38... b6 (38... Rc8 $16 {might work better.}) 39. Nd3 $1 Rc8 {aiming for ...Rc3.} 40. Rf4 (40. Nf4 $18 {is more deadly.}) 40... Qe3 $16 41. Rf3 Qe2+ $2 (41... Qg5+ $16 42. Kh2 Rc4) 42. Nf2 $18 (42. Rf2 Qe4+ 43. Rf3 Bh7 $11) 42... Rc1 {( -> ...Qf1+)} 43. Qe3 $4 {[%mdl 8192]} (43. Qd3 $1 $18 {[%cal Rd3e2] is the narrow road to win.} Qe1 44. Rg3 (44. Re3 Qg1+ 45. Kf3 Qh2 $11)) 43... Qf1+ $19 44. Kg3 {[#] Threatens to win with Ng4.} Re1 $4 {[%mdl 8192] [#]} (44... Rc3 $1 $19 {[%mdl 512] and life is good for Black.} 45. Nd3 (45. Qxc3 Qg1+) 45... Rxd3 $1 {[%mdl 512]} 46. Rxf1 Rxe3+ 47. Rf3 Re5) 45. Qf4 $1 $18 Rc1 46. e7 $4 {[%mdl 8192]} (46. Ng4 $18 Qe1+ 47. Rf2 Rc3+ 48. Kg2) 46... Qg1+ $19 47. Kh4 {[#]} Rc4 $1 {[%csl Gf6][%cal Rg1g5][%mdl 512]} 48. e8=Q Qg5# {[%mdl 64] Pin. Accuracy: White = 45%, Black = 29%.} 0-1

[Event "Kupreichik Memorial Rapid 2019"]
[Site "Minsk"]
[Date "2019.08.15"]
[Round "2.9"]
[White "Zhukovskij, Viktor"]
[Black "Dydyshko, Viacheslav"]
[Result "0-1"]
[WhiteElo "2028"]
[BlackElo "2506"]
[Annotator "TA"]
[PlyCount "102"]
[EventDate "2019.08.15"]
[EventType "swiss"]
[EventCountry "BLR"]
[SourceTitle "playchess.com"]
[Source "ChessBase"]
[SourceQuality "1"]

{[%evp 25,102,5,8,0,0,0,0,-29,0,-50,-21,-36,-25,-25,-27,-25,-36,-37,-3,-2,-6,-15,0,-24,-43,-53,-37,-76,-40,-24,-41,-58,-70,-62,-51,-52,-53,-85,-85,-83,-38,-32,0,-12,8,-8,0,-35,-8,-68,48,0,234,247,274,243,270,-208,-179,-180,-172,-326,-356,-770,-523,-500,-472,-807,-805,-795,-794,-782,-775,-29980,-29981,-29982,-29983,-29983,-29984]} 1. e4 c5 2. Nf3 d6 3. d4 cxd4 4. Nxd4 Nf6 5. Nc3 a6 6. Be2 e6 7. a4 Nc6 8. Be3 Be7 9. O-O O-O 10. Kh1 Qc7 11. f4 Re8 12. Bf3 Bd7 13. Nb3 Na5 14. g4 {B85: Sicilian Scheveningen: 6 Be2 a6, lines with early Be3} (14. Nxa5 Qxa5 15. Qd2 Rac8 16. Rfd1 Bc6 17. Qf2 Nd7 18. Nd5 exd5 19. exd5 Bxa4 20. b3 Qc3 21. Rxa4 Qxc2 22. Qxc2 Rxc2 {0-1 (44) Viktorov,A (2510)-Zaitsev,A (2473) Dubna 2015}) 14... Nc4 {[%mdl 64] Double Attack} 15. Bc1 {aiming for g5.} h6 16. Bg2 {The position is equal.} Rac8 $146 ({Predecessor:} 16... Nh7 17. a5 Rac8 18. Qf3 Nf8 19. Qh3 Ng6 20. Qh5 Nh4 {½-½ (41) Schulze,L (1926)-Gungl,T (2131) Apolda 2015}) 17. h4 {[#]} d5 $1 {[%mdl 512]} 18. e5 (18. exd5 Nxd5) 18... Ne4 19. Nxe4 dxe4 20. Bxe4 Bc6 21. Qf3 Red8 22. Bxc6 Qxc6 23. Qxc6 Rxc6 24. c3 Bxh4 25. Nd4 Rcc8 26. Rf3 Be7 27. b3 Na5 28. Ba3 Bxa3 29. Rxa3 Nc6 30. Nxc6 Rxc6 $15 {[%mdl 4096] Endgame KRR-KRR} 31. Kg2 Rd2+ 32. Kg3 Rc2 33. c4 Rb2 34. Rd3 a5 35. Kf3 Rb6 36. Ke4 g6 37. Kd4 (37. Rd8+ $11 Kg7 38. Ra8) 37... Rg2 (37... Kg7 $15) 38. Kc5 $1 $14 {[%cal Rc5b6]} Rc6+ $2 (38... Rb4 $1 $11 {and Black has nothing to worry.}) 39. Kb5 $18 Rxg4 40. Kxa5 Rxf4 41. Re3 $4 {[%mdl 8192] [#]} (41. Rd6 $18 {avoids the disaster. Threatens to win with Rxc6.} Rc7 42. Kb6) 41... g5 $1 $19 42. Kb5 g4 43. a5 $2 (43. Ra1 {was the only defense.}) 43... h5 44. b4 $2 (44. c5 Kf8 45. a6 Rxa6 46. Rxa6 bxa6+ 47. Kb6) 44... h4 45. c5 g3 46. Rxg3+ (46. Re1 $142 f5 47. exf6) 46... hxg3 47. Rxg3+ Kf8 48. Rd3 Ke7 49. Rd6 Rxd6 {Black mates.} 50. cxd6+ Kd7 51. Kc5 Re4 {Accuracy: White = 36%, Black = 38%.} 0-1

[Event "Kupreichik Memorial Rapid 2019"]
[Site "Minsk"]
[Date "2019.08.15"]
[Round "2.10"]
[White "Sveshnikov, Evgeny"]
[Black "Kameko, Aleksandr"]
[Result "1/2-1/2"]
[WhiteElo "2483"]
[BlackElo "2045"]
[Annotator "TA"]
[PlyCount "69"]
[EventDate "2019.08.15"]
[EventType "swiss"]
[EventCountry "BLR"]
[SourceTitle "playchess.com"]
[Source "ChessBase"]
[SourceQuality "1"]

{[%evp 16,69,-3,-6,27,30,15,12,3,0,0,0,0,0,0,-10,-12,-9,-5,-25,-7,-29,-12,-68,-21,-22,-27,-66,-68,-63,-60,-89,-87,-102,-97,-111,-68,-71,-35,-70,-79,-79,-56,-62,-60,-54,-54,-81,-71,-81,-41,-41,-41,-41,-41,-42]} 1. e4 c5 2. c3 d5 3. exd5 Qxd5 4. d4 e6 5. Nf3 Nf6 6. Be2 Be7 7. O-O O-O 8. Ne5 cxd4 9. cxd4 Nbd7 {B22: Sicilian: 2 c3} (9... Nc6 10. Bf3 Qd6 11. Bf4 Nd5 12. Bg3 Qb4 13. Nc3 Nxe5 14. Bxe5 Rd8 15. Nxd5 exd5 16. Bc7 Rf8 17. Bxd5 {½-½ (33) Lugovskoy,M (2451)-Iturrizaga Bonelli,E (2637) Mumbai 2019}) 10. Nc3 Qa5 11. Bf4 Nxe5 {The position is equal.} 12. Bxe5 Bd7 13. Bf3 Bc6 14. Bxc6 bxc6 15. Qa4 $146 ({Predecessor:} 15. Qf3 Rac8 16. Qg3 {½-½ (16) Schuppert,J-Flitner,S Germany North 1982}) 15... Qb6 16. Qc2 Rfd8 17. Rac1 Rac8 18. Na4 Qb5 19. Nc5 (19. Rfd1 $11) 19... Nd7 20. a4 Qb6 21. Bf4 Nxc5 22. dxc5 Qb4 23. Be3 Rb8 24. Rb1 Rd5 25. Rfc1 h6 26. b3 Bf6 27. g3 Bd4 28. Bxd4 Rxd4 29. Rd1 Rbd8 30. Rxd4 Rxd4 31. Rc1 a5 32. Kg2 e5 33. Qe2 {Black is slightly better.} Qxb3 {Threatens to win with ...Qd5+.} 34. Qxe5 Qd5+ 35. Qxd5 {Accuracy: White = 36%, Black = 55%.} 1/2-1/2

[Event "Kupreichik Memorial Rapid 2019"]
[Site "Minsk"]
[Date "2019.08.15"]
[Round "2.11"]
[White "Sarbay, Aleksandr"]
[Black "Balashov, Yuri S"]
[Result "0-1"]
[WhiteElo "2115"]
[BlackElo "2474"]
[Annotator "ChessBase"]
[PlyCount "66"]
[EventDate "2019.08.15"]
[EventType "swiss"]
[EventCountry "BLR"]
[SourceTitle "playchess.com"]
[Source "ChessBase"]
[SourceQuality "1"]
[TimeControl "900+10"]

1. e4 {[%emt 0:00:00]} e5 {[%emt 0:00:00]} 2. Nc3 {[%emt 0:00:00]} Nc6 {[%emt 0:00:00]} 3. Bc4 {[%emt 0:00:00]} Nf6 {[%emt 0:00:04]} 4. d3 {[%emt 0:00:01]} Bc5 {[%emt 0:00:03]} 5. f4 {[%emt 0:00:05]} d6 {[%emt 0:00:02]} 6. Nf3 {[%emt 0:00:05]} a6 {[%emt 0:00:02]} 7. Nd5 {[%emt 0:01:31]} Bg4 {[%emt 0:02:29]} 8. c3 {[%emt 0:03:44]} O-O {[%emt 0:00:56]} 9. f5 {[%emt 0:01:25]} Nxd5 {[%emt 0:01:34]} 10. Bxd5 {[%emt 0:00:02]} Ne7 {[%emt 0:00:06]} 11. Bb3 {[%emt 0:00:35]} d5 {[%emt 0:00:27]} 12. Qe2 {[%emt 0:00:31]} Nxf5 {[%emt 0:02:15]} 13. Bxd5 {[%emt 0:02:43]} c6 {[%emt 0:00:36]} 14. Bb3 {[%emt 0:00:26]} Nh4 {[%emt 0:00:15]} 15. Bd2 {[%emt 0:02:29]} a5 {[%emt 0:00:41]} 16. a4 {[%emt 0:00:52]} Qb6 {[%emt 0:00:16]} 17. Bc2 {[%emt 0:00:42]} Qxb2 {[%emt 0:00:08]} 18. Rc1 {[%emt 0:00:21]} Ng6 {[%emt 0:00:47]} 19. h3 {[%emt 0:00:41]} Nf4 {[%emt 0:00:29]} 20. Bxf4 {[%emt 0:00:17]} exf4 {[%emt 0:00:02]} 21. hxg4 {[%emt 0:00:21]} Qxc1+ {[%emt 0:00:03]} 22. Qd1 {[%emt 0:00:37]} Qb2 {[%emt 0:00:07]} 23. d4 {[%emt 0:00:23]} Qxc3+ {[%emt 0:00:02]} 24. Qd2 {[%emt 0:00:16]} Bb4 {[%emt 0:00:10]} 25. Qxc3 {[%emt 0:00:21]} Bxc3+ {[%emt 0:00:02]} 26. Ke2 {[%emt 0:00:01]} Rfd8 {[%emt 0:00:25]} 27. e5 {[%emt 0:00:09]} h6 {[%emt 0:00:29]} 28. g5 {[%emt 0:00:11]} Bxd4 {[%emt 0:00:08]} 29. gxh6 {[%emt 0:00:06]} gxh6 {[%emt 0:00:58]} 30. Rxh6 {[%emt 0:00:14]} Bxe5 {[%emt 0:00:10]} 31. Nxe5 {[%emt 0:00:11]} Re8 {[%emt 0:00:01]} 32. Rh5 {[%emt 0:00:12]} f6 {[%emt 0:00:04]} 33. Bg6 {[%emt 0:00:28]} Rxe5+ {[%emt 0:00:02]} 0-1